| 000 -LEADER |
| fixed length control field |
00802nam a2200241Ia 4500 |
| 001 - CONTROL NUMBER |
| control field |
7724 |
| 003 - CONTROL NUMBER IDENTIFIER |
| control field |
GE_BSU |
| 005 - DATE AND TIME OF LATEST TRANSACTION |
| control field |
20210309141839.0 |
| 008 - FIXED-LENGTH DATA ELEMENTS--GENERAL INFORMATION |
| fixed length control field |
181216s2012||||enk|||||||||||||| ||eng|| |
| 020 ## - INTERNATIONAL STANDARD BOOK NUMBER |
| International Standard Book Number |
9781848828919 |
| 040 ## - CATALOGING SOURCE |
| Transcribing agency |
GE_BSU |
| 041 ## - LANGUAGE CODE |
| Language code of text/sound track or separate title |
eng |
| 080 ## - UNIVERSAL DECIMAL CLASSIFICATION NUMBER |
| Universal Decimal Classification number |
514.7 P-91 |
| 100 ## - MAIN ENTRY--PERSONAL NAME |
| Personal name |
Pressley, Andrew. |
| 9 (RLIN) |
10394 |
| 245 ## - TITLE STATEMENT |
| Title |
Elementary Differential Geometry / |
| Statement of responsibility, etc. |
Advisory Board:M.A.J.Chaplain,K.Erdmann,and other. |
| 250 ## - EDITION STATEMENT |
| Edition statement |
Secod Edition.Springer Undergraduate Mathematics Series: ISSN 1615-2085. |
| 264 ## - PRODUCTION, PUBLICATION, DISTRIBUTION, MANUFACTURE, AND COPYRIGHT NOTICE |
| Place of production, publication, distribution, manufacture |
New York: |
| Name of producer, publisher, distributor, manufacturer |
Springer, |
| Date of production, publication, distribution, manufacture, or copyright notice |
2012. |
| 300 ## - PHYSICAL DESCRIPTION |
| Extent |
437 p.; |
| Other physical details |
23 cm. |
| 440 ## - SERIES STATEMENT/ADDED ENTRY--TITLE |
| Title |
Mathematics Series |
| International Standard Serial Number |
ISSN 1615-2085 |
| 9 (RLIN) |
10396 |
| 653 ## - INDEX TERM--UNCONTROLLED |
| keyword |
Elementary Differential Geometry. |
| 653 ## - INDEX TERM--UNCONTROLLED |
| keyword |
დიფერენციალური გეომეტრია |
| 942 ## - ADDED ENTRY ELEMENTS (KOHA) |
| Koha item type |
წიგნი |
| Source of classification or shelving scheme |
|